Linear Algebra and Its Applications (Record no. 61127)

MARC details
000 -LEADER
fixed length control field 00505nam a22002057a 4500
003 - CONTROL NUMBER IDENTIFIER
control field OSt
005 - DATE AND TIME OF LATEST TRANSACTION
control field 20241028133134.0
008 - FIXED-LENGTH DATA ELEMENTS--GENERAL INFORMATION
fixed length control field 241028b |||||||| |||| 00| 0 eng d
020 ## - INTERNATIONAL STANDARD BOOK NUMBER
International Standard Book Number 978-81-315-0172-6
040 ## - CATALOGING SOURCE
Transcribing agency Trident
082 ## - DEWEY DECIMAL CLASSIFICATION NUMBER
Classification number 512.9434
Item number STR
100 ## - MAIN ENTRY--PERSONAL NAME
Personal name Gilbert Strang
9 (RLIN) 45398
245 ## - TITLE STATEMENT
Title Linear Algebra and Its Applications
250 ## - EDITION STATEMENT
Edition statement 4th
260 ## - PUBLICATION, DISTRIBUTION, ETC.
Place of publication, distribution, etc. Delhi
Name of publisher, distributor, etc. Publisher
Date of publication, distribution, etc. 2019
300 ## - PHYSICAL DESCRIPTION
Extent viii,487p;
500 ## - GENERAL NOTE
General note Book Quantity-10
650 ## - SUBJECT ADDED ENTRY--TOPICAL TERM
Topical term or geographic name entry element Mathematics
942 ## - ADDED ENTRY ELEMENTS (KOHA)
Source of classification or shelving scheme Dewey Decimal Classification
Koha item type Books
Suppress in OPAC No
Holdings
Withdrawn status Lost status Source of classification or shelving scheme Damaged status Not for loan Home library Current library Shelving location Date acquired Total Checkouts Full call number Barcode Date last seen Price effective from Koha item type Date due Date last checked out
    Dewey Decimal Classification     Central Library, Trident Academy of Technology Central Library, Trident Academy of Technology General Stacks 10/28/2024   512.9434 STR 61346 10/28/2024 10/28/2024 Books    
    Dewey Decimal Classification     Central Library, Trident Academy of Technology Central Library, Trident Academy of Technology General Stacks 10/28/2024   512.9434 STR 61347 10/28/2024 10/28/2024 Books    
    Dewey Decimal Classification     Central Library, Trident Academy of Technology Central Library, Trident Academy of Technology General Stacks 10/28/2024   512.9434 STR 61348 10/28/2024 10/28/2024 Books    
    Dewey Decimal Classification     Central Library, Trident Academy of Technology Central Library, Trident Academy of Technology General Stacks 10/28/2024   512.9434 STR 61349 10/28/2024 10/28/2024 Books    
    Dewey Decimal Classification     Central Library, Trident Academy of Technology Central Library, Trident Academy of Technology General Stacks 10/28/2024   512.9434 STR 61350 10/28/2024 10/28/2024 Books    
    Dewey Decimal Classification     Central Library, Trident Academy of Technology Central Library, Trident Academy of Technology General Stacks 10/28/2024 1 512.9434 STR 61351 09/17/2025 10/28/2024 Books 04/15/2026 09/17/2025
    Dewey Decimal Classification     Central Library, Trident Academy of Technology Central Library, Trident Academy of Technology General Stacks 10/28/2024   512.9434 STR 61352 10/28/2024 10/28/2024 Books    
    Dewey Decimal Classification     Central Library, Trident Academy of Technology Central Library, Trident Academy of Technology General Stacks 10/28/2024   512.9434 STR 61353 10/28/2024 10/28/2024 Books    
    Dewey Decimal Classification     Central Library, Trident Academy of Technology Central Library, Trident Academy of Technology General Stacks 10/28/2024   512.9434 STR 61354 10/28/2024 10/28/2024 Books    
    Dewey Decimal Classification     Central Library, Trident Academy of Technology Central Library, Trident Academy of Technology General Stacks 10/28/2024   512.9434 STR 61355 10/28/2024 10/28/2024 Books    
Trident Academy of Technology © 2023.
All rights reserved.                                                                                                                                                                                                        Designed by Team of Central Library .

Powered by Koha